| 000 -LEADER |
| fixed length control field |
02122nam a22001577a 4500 |
| 008 - FIXED-LENGTH DATA ELEMENTS--GENERAL INFORMATION |
| fixed length control field |
210727b ||||| |||| 00| 0 eng d |
| 100 ## - MAIN ENTRY--PERSONAL NAME |
| Personal name |
An, Brian Y. and Tang, Shui Yan |
| 245 ## - TITLE STATEMENT |
| Title |
Lessons from Covid-19 responses in east Asia: Institutional infrastructure and enduring policy instruments |
| 260 ## - PUBLICATION, DISTRIBUTION, ETC. (IMPRINT) |
| Place of publication, distribution, etc |
American Review of Public Administration |
| 300 ## - PHYSICAL DESCRIPTION |
| Extent |
50(6-7), Aug-Oct, 2020: p.790-800 |
| 520 ## - SUMMARY, ETC. |
| Summary, etc |
Existing commentaries on government responses to COVID-19 have focused on such factors as competent leadership, policy instruments, or cultural dispositions. Yet, few have provided a synthesis that examines how these factors relate to each other. This article fills this gap in the debate by comparing COVID-19 responses among five advanced economies in East Asia: Taiwan, Hong Kong, South Korea, Singapore, and Japan. Although agile actions and competence of top leadership are necessary to confront an unprecedented crisis, they are by themselves insufficient. Equally critical is whether a society has the necessary institutional infrastructure in place when a crisis strikes. Policy instruments are more likely to succeed when existing institutional infrastructure supports their administration and implementation. For an instrument to generate enduring impact, it must be compatible with a polity’s underlying culture; instruments that accommodate the underlying cultural orientations are more likely to elicit public cooperation and voluntary compliance over time. Policy instruments must also address equity issues by reaching marginalized groups across all layers of the population. Progress in emergency management may be visible in mainstream society but masking brewing problems among marginalized groups. A comparison across the five advanced economies in East Asia yields several implications for comparative research and policy. – Reproduced |
| 650 ## - SUBJECT ADDED ENTRY--TOPICAL TERM |
| Topical term or geographic name as entry element |
Crisis management, Institutional infrastructure, Policy instrument, Culture, Social equity, COVID-19 |
| 9 (RLIN) |
25887 |
| 773 ## - HOST ITEM ENTRY |
| Main entry heading |
American Review of Public Administration |
| 906 ## - LOCAL DATA ELEMENT F, LDF (RLIN) |
| Subject DIP |
CRISIS MANAGEMENT - EAST ASIA |
| 942 ## - ADDED ENTRY ELEMENTS (KOHA) |
| Item type |
Articles |